| 000 | 00349nam a22001337a 4500 | ||
|---|---|---|---|
| 020 | _a0-07-099058-X | ||
| 082 | _a621.815 HAL | ||
| 100 |
_aHALL, ALLEN S , HOLOWENKS, HERMAN G _965011 |
||
| 245 | _aTHEORY AND PROBLEMS OF MACHIND DESIGN | ||
| 260 |
_aNEWYORK _bMCGRAW HILL _c1987 |
||
| 300 | _a344P | ||
| 650 |
_aMACHIND DESIGN _965012 |
||
| 942 | _cBK | ||
| 999 |
_c573344 _d573344 |
||